000 00662nam a2200181Ia 4500
003 GCL
008 140319s9999 xx 000 0 ara d
040 _aGCL /
_cGCL
082 0 4 _a347.06
_bم ق
100 1 _aمصطفى مجدى هرجة
245 1 0 _aقانون الاثبات فى المواد المدنية والتجارية فى ضةء احدث الاراء لاحكام النقض والصيغ القانونية /
_cمصطفى مجدى هرجة
260 _a[S.N] :
_bدار المطبوعات الجامعية ،
_c1987
300 _a395 ص
490 _a
650 0 4 _aالقانون
650 0 4 _aالقانون المدنى
942 _2ddc
_cBK
999 _c41715
_d41715